| 000 | 00582nam a2200169 i 4500 | ||
|---|---|---|---|
| 001 | 56404 | ||
| 003 | ES-MaACL | ||
| 005 | 20230906163348.0 | ||
| 007 | t| | ||
| 008 | 031008s1969 sp ||||1| spa d | ||
| 245 | 0 | 0 |
_aDiccionario técnico de edificación y obras públicas / _cMaurice Barbier ... [et al.] ; versión con adiciones Buenaventura Bassegoda. |
| 260 |
_aBarcelona : _bGustavo Gili, _c[1969] |
||
| 300 |
_a177 p. : _bil. ; _c19 cm. |
||
| 700 | 1 |
_aBarbier, Maurice. _925458 |
|
| 700 | 1 |
_aBassegoda Musté, B. ( _d1896-1987) _926310 |
|
| 852 |
_aES-MaACL _jC-51813 _bR.71599 |
||
| 999 |
_c56404 _d56404 |
||